| 000 | 01129nam a22002777a 4500 | ||
|---|---|---|---|
| 999 |
_c65009 _d65009 |
||
| 005 | 20240530110802.0 | ||
| 008 | 190211s2009 ua a g b 000 0 ara d | ||
| 017 |
_bمصر. دار الكتب _a2009/5848 |
||
| 020 | _a9771024914 | ||
| 040 |
_aEG-CaGPL _cEG-CaGPL |
||
| 082 | 0 | 4 |
_221 _a371.2 \ _bأ إ |
| 100 | 0 | _aاحمد اسماعيل حجى | |
| 245 | 1 | 0 |
_aادارة المدرسة وادارة الصف : _bالتخطيط الاستراتيجى لضمان الجودة والاعتماد / _cاحمد اسماعيل حجى |
| 250 | _aط.1 | ||
| 260 |
_aالقاهرة : _bدار الفكر العربى، _c2009 . |
||
| 300 |
_a312 ص. ؛ _c24 سم. |
||
| 490 | 0 |
_aسلسلة المراجع فى التربية وعلم النفس ؛ _v11 |
|
| 504 | _aيشتمل على ارجاعات ببلوجرافية | ||
| 650 | 0 | 7 |
_2qrmak _aالمدارس _xتنظيم وادارة |
| 650 | 0 | 7 |
_2qrmak _aالتخطيط التربوى |
| 650 | 0 | 7 |
_aجودة التعليم _2qrmak |
| 650 | 0 | 7 |
_2qrmak _aادارة الصف المدرسى |
| 651 | _2qrmak | ||
| 942 |
_2ddc _cBK |
||